000 00757nam a2200217 a 4500
001 000011467
005 20240412074226.0
008 091019s1997 dr r 001 f spa d
040 _aDO-SdBNP
_bspa
_cBNPHU
082 _aRD863.44
_bC352m
100 1 _aCastillo, Nelson
_927154
245 1 3 _aEl muerto de la noche :
_bcuentos /
_cNelson Castillo ; prólogo Ángel Chan Aquino.
260 _aSanto Domingo :
_bTaller,
_c1997.
300 _a104 p. ;
_c22 cm.
500 _aIncluye datos biográficos del autor en la solapa de la cubierta
590 _aInventariado, 2018/BT
650 0 _aCuentos dominicanos
_9176
650 0 _aLiteratura dominicana.
_967
700 1 _aChan Aquino, Ángel,
_epról.
_927155
910 _aValidado. Control de calidad. MMOLINA
999 _c11168
_d11168